000 00522nam a2200169Ia 4500
008 220216s9999 xx 000 0 und d
100 _aLee Shirley
245 0 _aMethod for estimating the chemical crosslink densities of cured natural rubber and styrene-butadiene rubber
260 _bRubber Chemistry and Technology
_c1994
300 _a854-864
650 _aCrosslinking
650 _aCured natural rubber
650 _aStyrene-butadiene rubber
700 _aCoran A Y
700 _aPawlowski Henry
942 _cJS
999 _c62852
_d62852